000 00390nam a2200145Ia 4500
008 230917s9999||||xx |||||||||||||| ||und||
040 _e58946
_aMAIN
041 _aEnglish
082 _a822.33 S15R
100 _aWilson, John Dover, ed.
245 0 _aRomeo and Juliet; Works of Shakespeare
260 _aCambridge
_bCambridge University Press
_c1971
300 _alii, 249 p.
942 _cBK
999 _c74893
_d74893